| 000 | 00656nam a2200241Ia 4500 | ||
|---|---|---|---|
| 005 | 20250508164401.0 | ||
| 008 | 008 250505s9999 xx 000 0 hin d | ||
| 020 | _a81-267-1300-3 | ||
| 037 | _aTextual | ||
| 040 |
_aFEDL _beng _cFEDL |
||
| 041 |
_ahin _2hin |
||
| 084 |
_a891.43, SOB _qFEDL |
||
| 100 | _aSobti Krishna | ||
| 245 | 0 | _aSobti-vaid samvad: Lekhan aur Lekhak | |
| 250 | _a1st | ||
| 260 |
_aNew Delhi, India _bRajkamal Prakashan _c2007 |
||
| 300 | _a206p. | ||
| 365 |
_aINR _b300 |
||
| 650 | _aHindi literature | ||
| 700 |
_a Vaid Krishna Baldev _9777994 |
||
| 942 |
_cTEXL _h891.43, SOB |
||
| 999 |
_c1388866 _d1388866 |
||